000 00460pab a2200169 454500
008 180718b2017 xxu||||| |||| 00| 0 eng d
100 _aPriya, Lakshmi
245 _aLegitimacy of Baath in Syria and Gramscian idea of cultural hegemony
260 _c2017
300 _ap.51-68.
362 _aJan-Mar
650 _aPolitical parties - Syria
650 _aBaath party - Syria
650 _aPolitical parties
773 _aSocial Action
909 _a113893
999 _c113887
_d113887